| 000 | 00359nam a22001577a 4500 | ||
|---|---|---|---|
| 020 | _a978-93-5138-171-6 | ||
| 041 | _aENG | ||
| 100 | _aN.Krishnaswamy | ||
| 245 | _aCurrent Engilsh for Colleges | ||
| 250 | _astusent edition | ||
| 260 |
_aDelhi _bTrinity _c2016 |
||
| 300 | _a168 | ||
| 650 | _aEnglish | ||
| 700 | _aSriaman .T | ||
| 856 | _uCompuetitive Exam | ||
| 999 |
_c17 _d17 |
||